| 000 | 00841nam a2200289Ia 4500 | ||
|---|---|---|---|
| 001 | Para_4930 | ||
| 003 | CHAP | ||
| 008 | 220125s1923 xx 000 0 und d | ||
| 010 | _a203389 | ||
| 040 | _cCHAP | ||
| 090 | _aPA FOLLETO 2925 | ||
| 100 |
_aJohnson, Elmer _9169154 |
||
| 245 |
_aCotton-Dusting machinery / _c Elmer Johnson, S.t. Howard, B. R. Coad. |
||
| 260 |
_aWashington : _b Department of Agriculture |
||
| 300 | _a20 p | ||
| 440 |
_aEUA. Dept. Agr. Farmers Bull; 1319 _9169155 |
||
| 650 |
_aAlgodón _x Maquinaria Algodón _x Fumigación _9169156 |
||
| 700 |
_aCoad, B. R. _923972 |
||
| 700 |
_aHoward, S. T. _956486 |
||
| 901 | _aPA FOLLETO 2925 | ||
| 902 | _aA | ||
| 905 | _a0000001923 WAS 0000000000 00 | ||
| 910 | _a1923 | ||
| 942 | _cPARA | ||
| 942 |
_cPARA _d1 |
||
| 999 |
_c203389 _d203389 |
||